00385nam a22001337a 450000500170000000800410001702000170005804100080007508200100008310000190009324500850011226000460019730000080024320160427153244.0160427b xxu||||| |||| 00| 0 eng d a81-2591464-1 aeng b00402 aKshatriy, S.S. aSilicon Valley Greats: Indians who made a Difference to Technology and the world aNew DelhibVikas Publishing House, c2003 a286